Every Cam'ron Song on the Billboard Hot 100 - Statistics

General Stats
  • This quiz has been taken 8 times
    6 since last reset
  • The average score is 2 of 7
Answer Stats
# Year Song % Correct
3 2002 Hey Ma ft. Juelz Santana, Freekey Zekey & Toya
75%
4 2002 Oh Boy ft. Juelz Santana
75%
94 2005 Down And Out ft. Kanye West & Syleena Johnson
50%
18 2013 Gone (Kanye West) ft. Consequence
25%
41 1998 Horse & Carriage ft. Mase
0%
99 1999 Let Me Know
0%
83 2000 What Means The World To You
0%
No matching quizzes found
Score Distribution
Percent of People with Each Score
Percentile by Number Answered
Your Score History
You have not taken this quiz since the last reset